Kresťanské hodnoty v manažérskej etike

Kresťanstvo ako súčasť formovania kultúry v Európe a Amerike. Kresťanské hodnoty kľúčové pre manažment.

Salvato in:
Dettagli Bibliografici
Autore principale: Polačko, Jozef
Natura: Capitolo di libro
Lingua:slovacco
Soggetti:
Tags: Aggiungi Tag
Nessun Tag, puoi essere il primo ad aggiungerne!!

MARC

LEADER 00000nla a2200000 4500
001 0233249
005 20240417075121.9
041 0 |a slo 
044 |a SK 
245 1 0 |a Kresťanské hodnoty v manažérskej etike  |c Jozef Polačko 
520 |a Kresťanstvo ako súčasť formovania kultúry v Európe a Amerike. Kresťanské hodnoty kľúčové pre manažment. 
610 2 0 |a kresťanstvo 
610 2 0 |a manažment 
610 2 0 |a etika manažérska 
100 1 |a Polačko, Jozef